000 00647nam a22001817a 4500
003 OSt
005 20260308132005.0
008 260308b |||||||| |||| 00| 0 eng d
020 _a9780500293232
040 _cn
082 _a720 J66 2017
100 _aJodidio, Philip
245 _aThe Japanese House Reinvented /
_cPhilip Jodidio.
260 _bLondon, United Kingdom. Thames & Hudson Ltd. 2017
300 _a288 pages : illustrated (color throughout) ; approx. 28 cm
650 _2Architecture — Japan — Residential architecture • Contemporary architecture — Houses • Architectural design and innovation
942 _2ddc
_cBK-EN
_n0
999 _c8594
_d8594